Search Results
Showing Item 1 of 9
I Loves Trucks and Cars and Planes and Things that Go
Available copies
- 4 of 4 copies available at Headquarters.
Current holds
0 current holds with 4 total copies.
| Location | Call Number / Copy Notes | Barcode | Shelving Location | Status | Due Date |
|---|---|---|---|---|---|
| Accra Central Library | 201 388.344/PRI | 000000180429 | 300 - Social Issues, Fairy Tales, Folk Tales - CHN | Available | - |
| Accra Central Library | 201 388.344/PRI | 000000180443 | 300 - Social Issues, Fairy Tales, Folk Tales - CHN | Available | - |
| Dansoman Library | 201 388.344/PRI | 000000180436 | 300 - Social Issues, Fairy Tales, Folk Tales | Available | - |
| Dansoman Library | 201 388.344/PRI | 000000180450 | 300 - Social Issues, Fairy Tales, Folk Tales | Available | - |
Record details
- ISBN: 9780312499617
- Physical Description: Paperback
- Publisher: New York Priddy Books 2007
Search for related items by subject
| Subject: | Transportation |
| LDR | 00620cam a2200205Ka 4500 | ||
|---|---|---|---|
| 001 | 2015 | ||
| 003 | HQ | ||
| 005 | 20191216205614.0 | ||
| 008 | 070101s nyua jrf 0 eng d | ||
| 020 | . | ‡a9780312499617 | |
| 037 | . | ‡aBook Aid | |
| 082 | . | ‡a388.344/PRI | |
| 100 | . | ‡aRogger Priddy | |
| 245 | . | ‡aI Loves Trucks and Cars and Planes and Things that Go | |
| 260 | . | ‡aNew York ‡bPriddy Books ‡c2007 | |
| 300 | . | ‡aPaperback | |
| 650 | . | ‡aTransportation | |
| 901 | . | ‡a2015 ‡bAUTOGEN ‡c2015 ‡tbiblio | |
Search Results
Showing Item 1 of 9

Add to basket
Permalink
Disable Highlighting